000 00713nam a2200277Ia 4500
005 20260324141411.0
008 008 260324s9999 xx 000 0 eng d
020 _a9781315022338
037 _aEBOOK
040 _aCRL
040 _beng
040 _cCRL
041 _2eng
041 _aeng
084 _qCRL
100 _aDavid Batstone; Lois Ann Lorentzen; Dwight N. Hopkins; Eduardo Mendieta
_91208050
245 0 _aLiberation Theologies, Postmodernity and the Americas
260 _bTaylor and Francis
260 _c1997
365 _a
365 _b230
856 _uhttp://www.taylorfrancis.com/books/9781315022338
942 _cEBOOK
999 _c1811106
_d1811106